| 000 | 00482nam a2200181Ia 4500 | ||
|---|---|---|---|
| 001 | 26657 | ||
| 008 | 140414s9999 xx 000 0 und d | ||
| 020 | _a0-07-135998-2 | ||
| 040 | _cPK-LaUMT | ||
| 082 |
_a 658.409 _bBEN-H |
||
| 100 | _aD. A. Benton | ||
| 245 |
_aHow to act like a CEO _b10 rules for getting to the top and staying there _cD. A. Benton |
||
| 260 |
_aNew York,USA: _bMcGraw-Hill, _c2001 |
||
| 300 | _a204 p. | ||
| 546 | _aEN | ||
| 650 | _aExecutive | ||
| 942 | _cBK | ||
| 999 |
_c26818 _d26818 |
||